Loading...
| Fine Arts - Painting & Sculpture | 0 | 6 | 1 | 1 | 55 | 73 | 100.67 | 0 | 3 | 0.00 | 0.00 |
| Fine Arts - Other | 0 | 5 | 0 | 0 | 50 | 63 | 112.40 | 1 | 2 | 0.00 | 0.00 |
| Fine Arts - Classical Music | 0 | 5 | 0 | 1 | 50 | 51 | 102.80 | 1 | 3 | 0.00 | 0.00 |
| Literature - British | 0 | 5 | 0 | 0 | 50 | 103 | 126.20 | 0 | 1 | 0.00 | 0.00 |
| Literature - World | 0 | 5 | 0 | 0 | 50 | 114 | 129.20 | 0 | 1 | 0.00 | 0.00 |
| Literature - American | 0 | 5 | 1 | 0 | 45 | 90 | 122.40 | 0 | 0 | 0.00 | 0.00 |
| Literature - European | 0 | 3 | 0 | 0 | 30 | 67 | 117.00 | 0 | 1 | 0.00 | 0.00 |
| Philosophy | 0 | 3 | 0 | 0 | 30 | 98 | 105.67 | 0 | 1 | 0.00 | 0.00 |
| Other | 0 | 3 | 0 | 0 | 30 | 62 | 89.67 | 1 | 1 | 0.00 | 0.00 |
| Science - Other | 0 | 3 | 1 | 1 | 25 | 59 | 99.00 | 0 | 0 | 0.00 | 0.00 |
| Science - Chemistry | 0 | 2 | 0 | 0 | 20 | 83 | 90.00 | 0 | 0 | 0.00 | 0.00 |
| History - American | 0 | 2 | 0 | 1 | 20 | 87 | 110.00 | 1 | 1 | 0.00 | 0.00 |
| Science - Physics | 0 | 3 | 2 | 2 | 20 | 109 | 122.67 | 0 | 0 | 0.00 | 0.00 |
| Science - Biology | 0 | 1 | 0 | 0 | 10 | 124 | 124.00 | 0 | 0 | 0.00 | 0.00 |
| History - European | 0 | 1 | 0 | 0 | 10 | 116 | 116.00 | 0 | 1 | 0.00 | 0.00 |
| Mythology | 0 | 1 | 0 | 0 | 10 | 139 | 139.00 | 0 | 0 | 0.00 | 0.00 |
| Religion | 0 | 1 | 1 | 1 | 5 | 106 | 106.00 | 0 | 1 | 0.00 | 0.00 |